Los cátaros: la herejía perfecta
Salvato in:
| Autore principale: | |
|---|---|
| Natura: | Libro |
| Lingua: | spagnolo |
| Pubblicazione: |
Buenos Aires
B
2002
|
| Soggetti: | |
| Tags: |
Aggiungi Tag
Nessun Tag, puoi essere il primo ad aggiungerne!!
|
MARC
| LEADER | 00000nam a2200000 a 4500 | ||
|---|---|---|---|
| 001 | UCL6541 | ||
| 003 | CL-VaPUC | ||
| 008 | 040416e20020000AG |||||||||||||||||spa|d | ||
| 020 | |a 9501522407 | ||
| 082 | 0 | 4 | |a 273.6 |b OSH |2 21 |
| 100 | |a O'Shea, Stephen |e autor |9 587590 | ||
| 245 | 1 | 4 | |a Los cátaros: la herejía perfecta |
| 300 | |a 278 p | ||
| 942 | |c BK | ||
| 945 | |d 20040416 00:00:00 |a cmena | ||
| 260 | |a Buenos Aires |b B |c 2002 | ||
| 650 | 7 | |a CATAROS |2 CL-VaPUC |9 433906 | |
| 650 | 7 | |a HEREJIAS Y HEREJES |2 CL-VaPUC |9 266272 | |
| 650 | 0 | |a Maniqueísmo |9 322041 | |
| 650 | 7 | |a HISTORIA ECLESIASTICA |2 CL-VaPUC |9 484144 | |
| 583 | |a last modification |c 20040416 00:00:00 |k Rodrigo Vera | ||
| 999 | |c 308544 |d 308542 | ||
| 952 | |0 0 |1 0 |4 0 |6 273_600000000000000_OSH_2002 |7 0 |8 A |9 375152 |a BIBGIM |b BIBGIM |d 2019-11-21 |i 3966933 |o 273.6 OSH 2002 |p 3966933 |r 2025-01-15 |w 2019-11-21 |y BK |k GIM | ||